Butterworths clause bank (clauses for deeds and agreements). (Record no. 101223)

MARC details
000 -LEADER
fixed length control field 00607cam a2200217 4500
008 - FIXED-LENGTH DATA ELEMENTS--GENERAL INFORMATION
fixed length control field 000000n2000 000 0 eng u
020 ## - INTERNATIONAL STANDARD BOOK NUMBER
International Standard Book Number 0406937621
035 ## - SYSTEM CONTROL NUMBER
System control number (Sirsi) u111336
050 ## - LIBRARY OF CONGRESS CALL NUMBER
Classification number 340.02
245 ## - TITLE STATEMENT
Title Butterworths clause bank (clauses for deeds and agreements).
260 ## - PUBLICATION, DISTRIBUTION, ETC.
Place of publication, distribution, etc. London
Name of publisher, distributor, etc. Butterworths
Date of publication, distribution, etc. 2000
300 ## - PHYSICAL DESCRIPTION
Extent 1102p. ; 25cm.
350 ## - PRICE (NR) (BK AM CF MU VM SE) [OBSOLETE]
Price 99.00
520 ## - SUMMARY, ETC.
Summary, etc. More than 4,000 practice-specific model clauses derived from precedents.
650 ## - SUBJECT ADDED ENTRY--TOPICAL TERM
Topical term or geographic name entry element LEGAL FORMS
650 ## - SUBJECT ADDED ENTRY--TOPICAL TERM
Topical term or geographic name entry element PRECEDENTS
650 ## - SUBJECT ADDED ENTRY--TOPICAL TERM
Topical term or geographic name entry element MODEL CLAUSES
650 ## - SUBJECT ADDED ENTRY--TOPICAL TERM
Topical term or geographic name entry element AGREEMENTS
690 ## - LOCAL SUBJECT ADDED ENTRY--TOPICAL TERM (OCLC, RLIN)
Topical term or geographic name as entry element LAW-UK
942 ## - ADDED ENTRY ELEMENTS (KOHA)
Suppress in OPAC 0
Holdings
Withdrawn status Lost status Source of classification or shelving scheme Damaged status Not for loan Home library Current library Shelving location Date acquired Cost, normal purchase price Total Checkouts Full call number Barcode Date last seen Copy number Cost, replacement price Price effective from Koha item type
    Dewey Decimal Classification     London London Books 11/04/2001 99.00   340.02 BUT 30063885 06/08/2019 1 99.00 06/08/2019 Book